| 000 | 00835nam a2200361Ia 4500 | ||
|---|---|---|---|
| 001 | 819 | ||
| 008 | 191123s9999 xx 000 0 und d | ||
| 041 | _aeng | ||
| 041 | _afre | ||
| 041 | _ager | ||
| 044 | _afr | ||
| 245 | 0 |
_aLe Musée de Bâle : _bde Holbein a Picasso. |
|
| 260 |
_aParis : _bStudium, _c1952. |
||
| 300 |
_a52 p. _bláminas color y b/n |
||
| 650 | _aARTE | ||
| 650 | _aCEZANNE, PAUL | ||
| 650 | _aHOLBEIN, HANS | ||
| 650 | _aPICASSO, PABLO | ||
| 650 | _aPINTURA | ||
| 650 | _aWITZ, CONRAD, | ||
| 710 | _aMusée de Beaux-arts de Bâle | ||
| 902 | _aM | ||
| 903 | _am | ||
| 904 | _am | ||
| 907 | _aImpreso | ||
| 911 | _aláminas color y b/n | ||
| 912 | _a1952 | ||
| 920 | _an. 22 | ||
| 942 | _cLIBRO | ||
| 999 |
_c614 _d614 |
||
| 490 | 0 | _aArt et style | |
| 550 | _aláminas color y b/n | ||